000 00302nam a2200133Ia 4500
008 150301s2015 xx 000 0 und d
082 _a615.19
_bO12M
100 _aS.M MUKHERJEE
245 _aORGANCE CHEMISTRY-|||
260 _bNEW AGE INT.
300 _a350
650 _aCHEMISTRY
942 _2ddc
_cBK
999 _c7236
_d7236